000 00450nam a2200169Ia 4500
005 20250508151622.0
008 008 250505s9999 xx 000 0 eng d
037 _aTextual
040 _aFEDL
_beng
_cFEDL
041 _aeng
_2eng
084 _a423.1, WOR
_qFEDL
100 _aWorrall A G
_9759611
245 0 _aMore english idioms for foreign students
300 _a148p.
942 _cTEXL
_h423.1, WOR
999 _c1330964
_d1330964